000 00303nam a22001097a 4500
020 _a9789251059081
040 _cSP
110 _aFAO
245 _aWild birds and avian influenza : an introduction to applied field research and disease sampling techniques
260 _aPhil Harris
_bFAO
_c2007
942 _cEK
999 _c8358
_d8358